000 01091nam a2200217Ia 4500
003 OSt
005 20241029134031.0
007 ca aa aaaaa
008 201103s9999 xx 000 0 und d
040 _cSSBUL
041 _abur
082 _223
_a၂၉၄.၃၄၄၃ ဝိ
_b၉၂၆၅ S-SAT
100 0 _aဝိစိတ္တသာရာဘိဝံသ၊ အရှင်( မင်းကွန်း)
100 1 _929114
245 1 0 _aသရဏဂုံသုံးပါး နှင့် ငါးပါးသီလတရားတော် /
_cမင်းကွန်း အရှင်ဝိစိတ္တသာရာဘိဝံသ၊ ဘာသာပြန်သူ ဦးဝင်းဖေ။
260 _aရန်ကုန်၊
_bတိ=နိ စာအုပ်စာပေ၊
_c[ခုနှစ်မပါ]။
300 _a၅၈ စာမျက်နှာ၊
_c၁၈ စင်တီ။
500 _aS-SAT: Dr. Sai Aung Tun S-KZN:Pro Kyaw Zaw Naing
700 _aဝင်းဖေ၊ ဦး ။
_eဘာသာပြန်သူ
_955104
942 _cBK1
_2ddc
999 _c40996
_d40996